[Event "FinaleChallengeBNP 2012"]
[Site "Port-Marly"]
[Date "2012.06.16"]
[Round "11.5"]
[White "Capone, Nicola"]
[Black "Kirszenberg, Marc"]
[Result "1-0"]
[WhiteElo "2380"]
[BlackElo "2260"]
[PlyCount "53"]
[EventDate "2012.??.??"]

1. e4 d5 2. exd5 Nf6 3. d4 Nxd5 4. Nf3 g6 5. Be2 Bg7 6. O-O O-O 7. c4 Nb6 8.
Nc3 Nc6 9. d5 Ne5 10. Nxe5 Bxe5 11. c5 Nd7 12. Be3 c6 13. Bd4 cxd5 14. Nxd5 e6
15. Ne3 Qc7 16. Bxe5 Qxe5 17. b4 a5 18. Nc4 Qg5 19. a3 axb4 20. axb4 Rxa1 21.
Qxa1 e5 22. Nd6 Nf6 23. Qc3 Nd5 24. Qb3 Nf4 25. Bf3 Be6 26. Qa3 Bd5 27. Kh1 1-0

[Event "FinaleChallengeBNP 2012"]
[Site "Port-Marly"]
[Date "2012.06.16"]
[Round "11.6"]
[White "Leruste, Georges"]
[Black "Massoni, Michael"]
[Result "1-0"]
[WhiteElo "2270"]
[BlackElo "2250"]
[PlyCount "81"]
[EventDate "2012.??.??"]

1. Nf3 Nf6 2. g3 g6 3. b3 Bg7 4. Bb2 O-O 5. Bg2 d5 6. c4 c6 7. O-O e6 8. d3 a6
9. Nbd2 Nbd7 10. b4 b5 11. a4 Bb7 12. cxb5 cxb5 13. a5 Qe7 14. Qb3 e5 15. Rac1
Rac8 16. e3 e4 17. dxe4 dxe4 18. Nd4 Ne5 19. Rxc8 Rxc8 20. Rc1 Rxc1+ 21. Bxc1
Qc7 22. Qc2 Qxc2 23. Nxc2 Nd3 24. Ba3 Bf8 25. Kf1 Ne5 26. Bb2 Ned7 27. Bc3 Be7
28. Nb3 Bd5 29. Nbd4 Bc4+ 30. Kg1 Nd5 31. Be1 f5 32. g4 Ne5 33. gxf5 Nd3 34.
fxg6 hxg6 35. Bxe4 Nxe1 36. Nxe1 Bxb4 37. Nef3 Bxa5 38. Ne5 Nf6 39. Bb7 b4 40.
Nxc4 Bc7 41. Bxa6 1-0

[Event "FinaleChallengeBNP 2012"]
[Site "Port-Marly"]
[Date "2012.06.16"]
[Round "12.1"]
[White "Leruste, Georges"]
[Black "Dourerassou, Jonathan"]
[Result "0-1"]
[WhiteElo "2270"]
[BlackElo "2670"]
[PlyCount "102"]
[EventDate "2012.??.??"]

1. Nf3 Nf6 2. g3 c5 3. Bg2 Nc6 4. O-O e5 5. c4 Be7 6. d3 O-O 7. Nc3 d6 8. Bg5
Be6 9. Bxf6 Bxf6 10. Ne1 Qd7 11. Nc2 Bh3 12. Nd5 Bd8 13. Rb1 Bxg2 14. Kxg2 f5
15. b4 b6 16. b5 Ne7 17. Nxe7+ Bxe7 18. Ne3 f4 19. Nd5 Rf7 20. f3 Raf8 21. g4
Bd8 22. Nc3 h5 23. h3 Bh4 24. Ne4 Qe6 25. a4 Rd7 26. Ra1 d5 27. cxd5 Rxd5 28.
Qb3 Kh7 29. Qc2 Rd4 30. a5 c4 31. dxc4 Kh8 32. c5 bxc5 33. Qxc5 Rc8 34. Qxa7
Rxe4 35. fxe4 hxg4 36. Rac1 gxh3+ 37. Kh1 Rxc1 38. Rxc1 Qg6 39. Qg1 Qxe4+ 40.
Kh2 Bg3+ 41. Kxh3 Qxe2 42. Qh1 Kh7 43. Rg1 Qxb5 44. Rxg3 fxg3 45. Qe4+ g6 46.
Qh4+ Kg8 47. Qd8+ Kf7 48. Qc7+ Kf6 49. Qb6+ Qxb6 50. axb6 e4 51. b7 Ke5 0-1

[Event "FinaleChallengeBNP 2012"]
[Site "Port-Marly"]
[Date "2012.06.16"]
[Round "12.3"]
[White "Schmit, Vincent"]
[Black "Bauer, Christian"]
[Result "0-1"]
[WhiteElo "2140"]
[BlackElo "2740"]
[PlyCount "114"]
[EventDate "2012.??.??"]

1. e4 c5 2. Nf3 b6 3. d4 cxd4 4. Nxd4 Bb7 5. Nc3 a6 6. Be3 e6 7. Be2 Qc7 8. Qd2
Nf6 9. f3 Bb4 10. a3 Bxc3 11. bxc3 d6 12. O-O O-O 13. Rfd1 Nbd7 14. c4 Ne5 15.
Qb4 Ned7 16. Rab1 Rfc8 17. c3 Rab8 18. Nc2 Nc5 19. Qxb6 Qxb6 20. Rxb6 Na4 21.
Rb3 Ba8 22. Rdb1 Rxb3 23. Rxb3 Nd7 24. Nb4 Ndc5 25. Bxc5 Nxc5 26. Rb2 a5 27.
Nd3 Na4 28. Rb3 e5 29. Kf2 Kf8 30. Ke3 Ke7 31. Kd2 f6 32. Rb5 Bc6 33. Rxa5 Rb8
34. Ra7+ Kf8 35. Kc2 h5 36. h3 h4 37. Nb4 Be8 38. Bd3 Kg8 39. Ra6 Rd8 40. Nd5
Nc5 41. Ra5 Rb8 42. Nc7 Ba4+ 43. Kd2 Rb2+ 44. Ke3 Rxg2 45. Ra8+ Kh7 46. Ne6 Rg3
47. Nxc5 dxc5 48. Rxa4 Rxh3 49. Ra5 Rh1 50. Rxc5 h3 51. a4 h2 52. a5 Re1+ 53.
Kd2 h1=Q 54. a6 Rd1+ 55. Kc2 Qe1 56. Kb3 Rxd3 57. a7 Qb1+ 0-1

[Event "FinaleChallengeBNP 2012"]
[Site "Port-Marly"]
[Date "2012.06.16"]
[Round "12.4"]
[White "Glod, Philippe"]
[Black "Lepelletier, Benoit"]
[Result "0-1"]
[WhiteElo "2050"]
[BlackElo "2540"]
[PlyCount "64"]
[EventDate "2012.??.??"]

1. e4 e5 2. Nc3 Bc5 3. Nf3 d6 4. Bc4 Nc6 5. d3 Na5 6. h3 Nxc4 7. dxc4 f5 8. Qe2
Nf6 9. Bg5 O-O 10. O-O-O h6 11. Bxf6 Qxf6 12. Nd5 Qf7 13. Nd2 a6 14. f3 b5 15.
Nb3 Ba7 16. Kb1 Be6 17. cxb5 axb5 18. Ne3 f4 19. Ng4 b4 20. Nf2 Qe8 21. Nd3 Qa4
22. Ndc1 Be3 23. Qe1 Rfb8 24. Rd3 Bxc1 25. Kxc1 Qxa2 26. Kd2 Qxb2 27. Qb1 Qa3
28. Ke1 Qa7 29. Qc1 Bc4 30. Rd1 Qe3+ 31. Qxe3 fxe3 32. Ra1 Bxb3 0-1

[Event "FinaleChallengeBNP 2012"]
[Site "Port-Marly"]
[Date "2012.06.16"]
[Round "12.5"]
[White "Bonnaud, Remy"]
[Black "Godart, Francois"]
[Result "1-0"]
[WhiteElo "2230"]
[BlackElo "2350"]
[PlyCount "49"]
[EventDate "2012.??.??"]

1. e4 e5 2. Nf3 Nc6 3. Bc4 Bc5 4. c3 d6 5. d4 Bb6 6. dxe5 dxe5 7. Qxd8+ Kxd8 8.
Bxf7 Nf6 9. Bg5 Rf8 10. Bb3 Bg4 11. Nbd2 Kc8 12. h3 Bh5 13. O-O Bg6 14. Rfe1 a5
15. Ba4 Nd7 16. Bxc6 bxc6 17. Nc4 Kb7 18. Rad1 Nc5 19. Nfxe5 Nxe4 20. Nxb6 Nxg5
21. Nxg6 hxg6 22. Nxa8 Rxa8 23. Rd7 Ra6 24. Rxg7 Rb6 25. h4 1-0

[Event "FinaleChallengeBNP"]
[Site "Port-Marly"]
[Date "2012.06.16"]
[Round "12.6"]
[White "Moingt, Jean-Claude"]
[Black "Decosse, Jean-Fabien"]
[Result "1-0"]
[WhiteElo "2150"]
[BlackElo "2440"]
[PlyCount "108"]
[EventDate "2012.??.??"]

1. d4 d6 2. e4 Nf6 3. Nc3 e5 4. Nf3 Nbd7 5. Bc4 Be7 6. O-O O-O 7. Qe2 a6 8. a4
c6 9. Rd1 Qc7 10. h3 Rb8 11. Be3 b5 12. axb5 axb5 13. dxe5 Nxe5 14. Nxe5 dxe5
15. Bb3 b4 16. Ra7 Rb7 17. Rxb7 Qxb7 18. Na4 Nxe4 19. Bb6 Ng5 20. Qxe5 Bf6 21.
Qe3 Ne6 22. Rd6 Bd7 23. Qd2 Bc8 24. Qxb4 Re8 25. c3 Be7 26. Bxe6 Bxe6 27. Nc5
Qb8 28. Rd1 Bd5 29. Qa5 Qf4 30. Qb4 Qg5 31. Qg4 Qf6 32. Qd7 Rb8 33. Bc7 Ra8 34.
b4 Qg6 35. Bg3 Bxc5 36. bxc5 Qe4 37. f3 Qe2 38. Re1 h6 39. Bh4 Ra1 40. Kh2 Ra8
41. Bg3 Rf8 42. Bd6 Ra8 43. Qg4 Kh7 44. Be5 f6 45. Bd6 Ra2 46. Bf8 g5 47. Qd7+
Kg6 48. Qe8+ Kf5 49. Bd6 Bxf3 50. Kg3 Bd5 51. Qd7+ Kg6 52. Qe8+ Kf5 53. Qd7+
Be6 54. Qe8 Rc2 1-0

[Event "FinaleChallengeBNP 2012"]
[Site "Port-Marly"]
[Date "2012.06.16"]
[Round "13.1"]
[White "Dourerassou, Jonathan"]
[Black "Moingt, Jean-Claude"]
[Result "1-0"]
[WhiteElo "2670"]
[BlackElo "2150"]
[PlyCount "53"]
[EventDate "2012.??.??"]

1. e4 c5 2. Nf3 Nc6 3. d4 cxd4 4. Nxd4 g6 5. Nc3 Bg7 6. Be3 Nf6 7. Bc4 O-O 8.
Bb3 d6 9. f3 Bd7 10. Qd2 Rc8 11. O-O-O Ne5 12. Kb1 Nc4 13. Bxc4 Rxc4 14. g4 Qb8
15. Rc1 b5 16. h4 Rfc8 17. Nce2 Qb7 18. h5 Bxg4 19. hxg6 hxg6 20. Bh6 Bh8 21.
fxg4 Nxg4 22. Rh4 Nxh6 23. Qxh6 Bg7 24. Qh7+ Kf8 25. Ne6+ fxe6 26. Qxg6 Rxc2
27. Rf1+ 1-0

[Event "FinaleChallengeBNP 2012"]
[Site "Port-Marly"]
[Date "2012.06.16"]
[Round "13.2"]
[White "Bonnaud, Remy"]
[Black "Guliyev, Namig"]
[Result "1/2-1/2"]
[WhiteElo "2230"]
[BlackElo "2690"]
[PlyCount "51"]
[EventDate "2012.??.??"]

1. e4 c5 2. c3 d5 3. exd5 Qxd5 4. d4 Nf6 5. Nf3 Bg4 6. Qa4+ Nbd7 7. Ne5 cxd4 8.
cxd4 Be6 9. Nc3 Qd6 10. Be3 g6 11. g3 Bg7 12. Bg2 O-O 13. O-O Nb6 14. Qd1 Nfd5
15. Ne4 Qb4 16. Nd3 Qb5 17. Nec5 Bf5 18. a4 Qc6 19. Rc1 Rac8 20. a5 Na8 21. Nb4
Nxe3 22. Nxc6 Nxd1 23. Nxe7+ Kh8 24. Nxc8 Nxb2 25. Nxb7 Bxd4 26. Nbd6 1/2-1/2

[Event "FinaleChallengeBNP 2012"]
[Site "Port-Marly"]
[Date "2012.06.16"]
[Round "13.3"]
[White "Pavon Cardenas, Jesus"]
[Black "Bauer, Christian"]
[Result "0-1"]
[WhiteElo "2450"]
[BlackElo "2740"]
[PlyCount "59"]
[EventDate "2012.??.??"]

1. d4 d5 2. Nf3 c6 3. c4 dxc4 4. a4 Nf6 5. Nc3 c5 6. e3 cxd4 7. exd4 Be6 8. Ne5
Nc6 9. Nxc6 bxc6 10. a5 Rb8 11. Na4 Bd5 12. Nc5 e5 13. Na6 exd4 14. Qxd4 Qe7+
15. Be3 Rd8 16. Qxa7 Qxa7 17. Bxa7 Kd7 18. f3 Ra8 19. Nc5+ Kc8 20. Bb6 Nd7 21.
Nxd7 Bb4+ 22. Kf2 Kxd7 23. Be2 c3 24. bxc3 Bxc3 25. Ra3 Bb2 26. Ra4 Rhb8 27.
Rg4 h5 28. Rh4 Bc3 29. Rxh5 Bxa5 30. Rh7 0-1

[Event "FinaleChallengeBNP 2012"]
[Site "Port-Marly"]
[Date "2012.06.16"]
[Round "13.4"]
[White "Lepelletier, Benoit"]
[Black "Kirszenberg, Marc"]
[Result "1-0"]
[WhiteElo "2540"]
[BlackElo "2260"]
[PlyCount "67"]
[EventDate "2012.??.??"]

1. e4 d5 2. exd5 Nf6 3. Nf3 Nxd5 4. d4 g6 5. Be2 Bg7 6. O-O O-O 7. c4 Nb6 8.
Nc3 Nc6 9. d5 Ne5 10. Nxe5 Bxe5 11. Bh6 Re8 12. f4 Bh8 13. f5 Bxf5 14. Qd2 e5
15. g4 Bc8 16. Ne4 c6 17. Bg5 Qd7 18. Nf6+ Bxf6 19. Bxf6 Qd6 20. Qh6 Qf8 21.
Qh4 cxd5 22. Rad1 Nxc4 23. Rf3 h6 24. Rxd5 Nb6 25. Rd1 Bd7 26. g5 Bc6 27. Rh3
Qc5+ 28. Kf1 h5 29. Qxh5 gxh5 30. Rxh5 Bg2+ 31. Kxg2 Qc6+ 32. Kf2 Qc5+ 33. Kf1
Qf8 34. Rh8# 1-0

[Event "FinaleChallengeBNP 2012"]
[Site "Port-Marly"]
[Date "2012.06.16"]
[Round "13.6"]
[White "Dutreuil, Raphael"]
[Black "Massoni, Michael"]
[Result "0-1"]
[WhiteElo "2060"]
[BlackElo "2250"]
[PlyCount "32"]
[EventDate "2012.??.??"]

1. d4 Nf6 2. c4 g6 3. Nc3 d5 4. Nf3 Bg7 5. Bg5 Ne4 6. Bf4 Nxc3 7. bxc3 O-O 8.
e3 c5 9. cxd5 Qxd5 10. Be2 Nc6 11. O-O b6 12. Qa4 Bb7 13. Rfc1 a6 14. Bc4 Qd8
15. Be2 b5 16. Qa3 Qd7 0-1